000 00469pab a2200169 454500
008 180718b2014 xxu||||| |||| 00| 0 eng d
100 _aCotula, Lorenzo et al
245 _aTesting claims about large land deals in Africa: Findings from a multi-country study
260 _c2014
300 _ap.903-925.
362 _aJul
650 _aLand tenure - Africa
650 _aLand tenure
773 _aJournal of Development Studies
908 _aN
909 _a105816
999 _c105811
_d105811